00326nam a2200121Ia 4500008004100000041000800041082001700049100001900066245004500085260003500130300003200165365000700197240624s9999 xx 000 0 und d aeng a658.3125 CAR aCARDY ROBERT L aPERFORMANCE MANAGEMENT CONCEPTS SKILLS A c2004aNew DelhibPrentice-Hall axiii, : 193 : p. : cm. ; 24 cRS